| 000 | 01024 a2200205 4500 | ||
|---|---|---|---|
| 003 | Nust | ||
| 005 | 20220818093628.0 | ||
| 010 | _a 2008927083 | ||
| 020 | _a9781934404119 (pbk. : alk. paper) | ||
| 040 | _cNust | ||
| 082 | _a621.3822,KAR | ||
| 100 | 1 |
_aKarris, Steven T. _997912 |
|
| 245 | 1 | 0 |
_aSignals and systems : _bwith matlab computing and simulink modeling / _cSteven T. Karris. |
| 250 | _a4th ed. | ||
| 260 |
_aFremont, CA : _bOrchard Publications, _c2008. |
||
| 300 | _ap. cm. | ||
| 505 | _aElementary Signals (Page 1-1), The Laplace Transformation (Page 2-1), The Inverse Laplace Transform (Page 3-1), Circuits Analysis with Laplace (Page4 -1), State Variables and State Equations (Page 5-1), The Impulse Reponses and Convolution (Page 6-1), Fourier Series (Page 7-1), The Fourier Transform (Page8-1), Discrete Time Systems and the Z Transform (Page-9-1) ,The DFT and the FFT Algorithm (Page 10-1), Analog and Digital Filters (Page11-1), | ||
| 650 | _aTelecommunication Engineering | ||
| 942 |
_2ddc _cREF |
||
| 999 |
_c189204 _d189204 |
||